[Preparation for Hearings on the Vice-Presidential Nominee, Representative Gerald Ford].

Executive Session.

Bibliographic Details
Format: eBook
Language:English
Published: [Washington : U.S. G.P.O.], 1973.
Subjects:
Online Access:Electronic resource (PDF)

MARC

Tag First Indicator Second Indicator Subfields
LEADER 00000cam a22000001i 4500
001 in00004119607
005 20200117084823.0
006 m d f
007 cr bn mmmapmmp
008 091109s1973 dcu o f000 0 eng d
035 |a cis2007527729 
040 |a UMI  |b eng  |e rda  |c UMI  |d UtOrBLW 
043 |a n-us--- 
110 1 |a United States.  |b Congress.  |b Senate.  |b Committee on Rules and Administration,  |e issuing body.  |0 http://id.loc.gov/authorities/names/n79125216 
245 1 0 |a [Preparation for Hearings on the Vice-Presidential Nominee, Representative Gerald Ford]. 
264 1 |a [Washington :  |b U.S. G.P.O.],  |c 1973. 
300 |a 43 pages, digital, PDF file. 
336 |a text  |2 rdacontent  |b txt 
337 |a computer  |b c  |2 rdamedia 
338 |a online resource  |2 rdacarrier  |b cr 
500 |a Record is based on bibliographic data in ProQuest Congressional Hearings Digital Collection (last viewed July 2018) Reuse except for individual research requires license from ProQuest, LLC. 
520 |a Executive Session. 
538 |a System requirements: PDF reader software. 
500 |a Electronic resource. 
650 0 |a Meetings.  |0 http://id.loc.gov/authorities/subjects/sh85083267 
650 0 |a Governmental investigations  |z United States.  |0 http://id.loc.gov/authorities/subjects/sh85056113 
650 0 |a Nominations for office.  |0 http://id.loc.gov/authorities/subjects/sh85092211 
776 0 8 |a United States. Congress. Senate. Committee on Rules and Administration  |t [Preparation for Hearings on the Vice-Presidential Nominee, Representative Gerald Ford]  |o 93 SRul-T.34 
730 0 |a ProQuest U.S. Congressional Hearings Digital Collection. 
856 4 0 |u http://proxy.library.tamu.edu/login?url=http://congressional.proquest.com/congcomp/getdoc?HEARING-ID=HRG-1973-RAS-0030  |y Electronic resource (PDF)  |t 0 
999 f f |s cb61156f-00e3-3061-b659-300187c07faa  |i 107c5bca-85e8-35b7-9b56-9e0dafb37ffa  |t 0 
952 f f |a Texas A&M University  |b College Station  |c Electronic Resources  |d Available Online  |t 0  |h No information provided 
998 f f |t 0  |l Available Online